Statistics for Books from Raymond E Feist's 'The Riftwar Cycle'

Click here to take the quiz!

General Stats

  • This quiz has been taken 65 times
    (59 since last reset)
  • The average score is 15 of 30

Answer Stats

HintAnswer% Correct
Magician
96%
Silverthorn
90%
A Darkness at Sethanon
73%
Daughter of the Empire
73%
Mistress of the Empire
69%
Servant of the Empire
69%
Jimmy the Hand
63%
Magician's End
63%
The King's Buccaneer
60%
Prince of the Blood
54%
Rage of a Demon King
52%
Rise of a Merchant Prince
52%
Krondor: The Betrayal
50%
Shards of a Broken Crown
50%
Talon of the Silver Hawk
46%
Flight of the Nighthawks
42%
Krondor: The Assassins
40%
King of Foxes
38%
Krondor: Tear of the Gods
38%
Murder in LaMut
38%
Shadow of a Dark Queen
38%
Exile's Return
35%
Into a Dark Realm
35%
A Crown Imperilled
31%
Honoured Enemy
31%
A Kingdom Besieged
29%
Jimmy and the Crawler
29%
Rides a Dread Legion
29%
Wrath of a Mad God
29%
At the Gates of Darkness
27%

Score Distribution

Percentile by Number Answered

Percent of People with Each Score

Your Score History

You have not taken this quiz since the last reset